000
00295nam a2200121Ia 4500
005
20251222155135.0
008
251222s9999||||xx |||||||||||||| ||spa||
082
_a
ESC. 67
100
_a
MUÑOZ M. Andres.
245
0
_a
Los Sistemas Sanitarios Organización
264
_b
No tiene
942
_c
LIB
999
_c
38948
_d
38948